Recent population change in Europe

Súčasné zmeny v populácii v európskych krajinách. Životné udalosti a migrácia v členských štátoch EÚ. Indikátory plodnosti. Populačné zmeny v krajinách EÚ (EÚ-27) v roku 2010 boli pozitívne.

Gespeichert in:
Bibliographische Detailangaben
1. Verfasser: Megyesiová, Silvia, 1969-
Weitere Verfasser: Lieskovská, Vanda, 1961-
Format: Buchkapitel
Sprache:Englisch
Schlagworte:
Tags: Tag hinzufügen
Keine Tags, Fügen Sie das erste Tag hinzu!

MARC

LEADER 00000nla$a2200000$$$4500
001 0142246
005 20240527102717.9
041 0 |a eng 
044 |a CZ 
245 1 0 |a Recent population change in Europe  |c Silvia Megyesiová, Vanda Lieskovská 
520 |a Súčasné zmeny v populácii v európskych krajinách. Životné udalosti a migrácia v členských štátoch EÚ. Indikátory plodnosti. Populačné zmeny v krajinách EÚ (EÚ-27) v roku 2010 boli pozitívne. 
610 2 0 |a populácia 
610 2 0 |a migrácia 
610 2 0 |a pôrodnosť 
610 2 0 |a Európska únia 
100 1 |a Megyesiová, Silvia, 1969- 
700 1 |a Lieskovská, Vanda, 1961-